Les stations de Ski du Massif Central - Statistiques

Statistiques générales
  • Ce quiz a été pris 54 fois
  • Le résultat moyen est 4 sur 12
Statistiques - réponses
Réponses % Correct
Super Besse
92%
Le Mont Dore
85%
Chalmazel
44%
Super Lioran
41%
Chastreix-Sancy
33%
Laguiole
28%
Mont Aigoual
21%
Mont Lozère
18%
Brameloup
15%
Les Estables
13%
Prabouré
13%
Croix de Bauzon
8%
Aucun quiz correspondant
Distribution des résultats
% des personnes avec chaque résultat
Percentile par nombre de réponses
Votre historique - résultats
Vous n’avez pas pris ce quiz